Business, management and education

Detalles Bibliográficos
Autor Corporativo: Vilniaus Gedimino technikos universitetas
Formato: Electrónico Revista
Lenguaje:inglés
Publicado: Vilnius, Lithuania : Vilnius Gediminas Technical University, [2010?-]
Materias:
Acceso en línea:Full text available from Research Library: 01/01/2010 to present

MARC

LEADER 00000nas a2200000 i 4500
001 ssj0000884129
003 WaSeSS
005 20200512172242.0
006 m d
007 cr n
008 120323c20109999li fr p s 0 a0eng c
010 |a  2013201526 
022 |a 2029-6169 
035 |a (WaSeSS)ssj0000884129 
040 |a CS1  |b eng  |c CS1  |d SERSO  |d OCLCQ  |d OCLCF  |d CUS  |d OCLCQ  |d OCLCO  |d OCLCQ  |d NTG  |d AU@  |d VT2  |d WaSeSS 
042 |a pcc 
050 4 |a HB1.B87 
082 0 4 |a 330 
210 0 |a Bus. manag. educ.  |b (Online) 
222 0 |a Business, management and education  |b (Online) 
245 0 0 |a Business, management and education  |h [electronic resource]. 
246 3 |a Business, management & education 
260 |a Vilnius, Lithuania :  |b Vilnius Gediminas Technical University,  |c [2010?-] 
362 1 |a Began with: V. 8, no. 1 (2010)? 
506 |a License restrictions may limit access. 
588 |a Description based on: V. 8, no. 1 (2010); title from banner (BME.com, viewed May 7, 2013). 
588 |a Latest issue consulted: V. 10, no. 2 (2012) (viewed May 7, 2013). 
650 0 |a Economics  |v Periodicals. 
650 0 |a Business  |v Periodicals. 
650 7 |a Business.  |2 fast  |0 (OCoLC)fst00842262 
650 7 |a Economics.  |2 fast  |0 (OCoLC)fst00902116 
655 0 |a Electronic journals. 
710 2 |a Vilniaus Gedimino technikos universitetas. 
776 0 8 |i Print version:  |t Business, management and education  |x 2029-7491 
856 4 0 |z Full text available from Research Library: 01/01/2010 to present  |u https://search.proquest.com/publication/686355